| 000 | 00496nam a2200169 a 4500 | ||
|---|---|---|---|
| 005 | 20140310183536.0 | ||
| 008 | 110819s19uu xx 00 eng d | ||
| 020 | _a9781412949347 | ||
| 050 |
_aLB 2806 _b.D265 2010 |
||
| 245 |
_aData enhanced leadership / _cAlan Blankstein; Paul Houston; Robert Cole. |
||
| 260 |
_aThousand Oaks, CA : _bCorwin, _c2010. |
||
| 300 |
_a148 p. : _bill. ; _c24 cm. |
||
| 521 | _aBSBA | ||
| 650 | _aEducational leadership | ||
| 942 |
_cBK _2lcc _kFOR |
||
| 999 |
_c24724 _d24724 |
||